| 000 | 00529nam a2200169 a 4500 | ||
|---|---|---|---|
| 001 | 000005413 | ||
| 005 | 20200929151654.0 | ||
| 008 | 090819s1993 es 000 spa d | ||
| 020 | _a8400073444 | ||
| 040 | _aDO-SdBNP | ||
| 082 |
_a016 _bJ95b |
||
| 100 | 1 |
_aJurado, José _915363 |
|
| 245 | 1 | 0 |
_aBibliografía sobre Juan Ruiz y su libro de buen amor / _cJose Jurado. |
| 260 |
_aMadrid, : _bConsejo Superior de Investigaciones Científicas, _c1993. |
||
| 300 |
_a228 p. ; _c24 cm. |
||
| 600 | 4 |
_aRUIZ, JUAN, ARCIPRESTE DE HITA _915364 |
|
| 999 |
_c5213 _d5213 |
||